Deer growing up in the wild / (Record no. 845)

MARC details
000 -LEADER
fixed length control field 00953pam a2200301 a 4500
005 - DATE AND TIME OF LATEST TRANSACTION
control field 20260322212036.0
008 - FIXED-LENGTH DATA ELEMENTS--GENERAL INFORMATION
fixed length control field data
010 ## - LIBRARY OF CONGRESS CONTROL NUMBER
LC control number 91013502
020 ## - INTERNATIONAL STANDARD BOOK NUMBER
International Standard Book Number 0870448439
020 ## - INTERNATIONAL STANDARD BOOK NUMBER
International Standard Book Number 087044848X (lib. ed)
020 ## - INTERNATIONAL STANDARD BOOK NUMBER
International Standard Book Number 9780870448430
020 ## - INTERNATIONAL STANDARD BOOK NUMBER
International Standard Book Number 9780870448485 (lib. ed)
040 ## - CATALOGING SOURCE
Original cataloging agency DLC
Transcribing agency DLC
Modifying agency DLC
042 ## - AUTHENTICATION CODE
Authentication code lcac
050 00 - LIBRARY OF CONGRESS CALL NUMBER
Classification number QL737.U55
Item number R56 1991
082 00 - DEWEY DECIMAL CLASSIFICATION NUMBER
Classification number 599.73/57
Edition information 20
092 ## - LOCALLY ASSIGNED DEWEY CALL NUMBER (OCLC)
Classification number 599.73 R56 1991
001 - CONTROL NUMBER
control field data
100 1# - MAIN ENTRY--PERSONAL NAME
Personal name Rinard, Judith E.
245 10 - TITLE STATEMENT
Title Deer growing up in the wild /
Statement of responsibility, etc. Judith E. Rinard.
260 ## - PUBLICATION, DISTRIBUTION, ETC.
Place of publication, distribution, etc. Washington, D.C. :
Name of publisher, distributor, etc. National Geographic Society,
Date of publication, distribution, etc. c1991.
300 ## - PHYSICAL DESCRIPTION
Extent 30, [4] p. :
Other physical details col. ill. ;
Dimensions 26 cm.
440 #0 - SERIES STATEMENT/ADDED ENTRY--TITLE
Title Books for young explorers
504 ## - BIBLIOGRAPHY, ETC. NOTE
Bibliography, etc. note Includes bibliographical references (p. [34]).
520 ## - SUMMARY, ETC.
Summary, etc. Describes how baby deer are reared in the wild and some of the hardships they, and other animals like them, encounter.
650 #0 - SUBJECT ADDED ENTRY--TOPICAL TERM
Topical term or geographic name entry element Deer
General subdivision Juvenile literature.
650 #1 - SUBJECT ADDED ENTRY--TOPICAL TERM
Topical term or geographic name entry element Deer.
Holdings
Withdrawn status Lost status Damaged status Not for loan Home library Current library Shelving location Date acquired Total checkouts Full call number Barcode Date last seen Price effective from Koha item type
        Centerville Centerville General stacks 22/03/2026   599.73/57 20 BC0010870 22/03/2026 22/03/2026 Books